00427 2200157 4500001002100000005001500021035002000036245006900056100001800125300002700143260004300170082000800213084001400221020002200235990001200257INLIS00000000000290920250911012507 a0010-09250002561 aSeri Tokoh Islam :bSultan Agung Hanyakrakusuma /cTri Widayanto0 aTri Widayanto a56 hlm ;c14,5 x 21 cm aJakarta :bEmir Cakrawala Islam,c2023 a900 a900 TRI s a978-623-6698-32-7 a0755328